Arjuna and the hunter / (Record no. 102230)

MARC details
000 -LEADER
fixed length control field 00973nam a22002297a 4500
005 - DATE AND TIME OF LATEST TRANSACTION
control field 20170801100925.0
010 ## - LCCN (DPL NO)
LC control number 1617EN ENG-117097
020 ## - INTERNATIONAL STANDARD BOOK NUMBER
International Standard Book Number 9780674495234
Terms of availability 295.00
035 ## - SYSTEM CONTROL NUMBER
System control number B-649250-259
035 ## - SYSTEM CONTROL NUMBER
System control number EN-100629
035 ## - SYSTEM CONTROL NUMBER
System control number B-667252
037 ## - SOURCE OF ACQUISITION
Stock number dpl
Source of stock number/acquisition Aakar
082 ## - DEWEY DECIMAL CLASSIFICATION NUMBER
Classification number 954.0254092
100 ## - MAIN ENTRY--PERSONAL NAME
Personal name Bharvi
245 ## - TITLE STATEMENT
Title Arjuna and the hunter /
Statement of responsibility, etc by Bharavi, edited and translated by Indira Visvanathan Peterson
260 ## - PUBLICATION, DISTRIBUTION, ETC. (IMPRINT)
Place of publication, distribution, etc London
Name of publisher, distributor, etc Murty Classical Library of India
Date of publication, distribution, etc 2016
300 ## - PHYSICAL DESCRIPTION
Extent xlvi,430p.
Dimensions 19cm(pbk)
700 ## - ADDED ENTRY--PERSONAL NAME
Personal name Peterson, Indira Visvanathan
942 ## - ADDED ENTRY ELEMENTS (KOHA)
Source of classification or shelving scheme Dewey Decimal Classification
Item type English Books
Classification part 954.0254092
Call number suffix BHA
Holdings
Withdrawn status Lost status Not for loan Collection code Home library Current library Date acquired Source of acquisition Cost, normal purchase price Full call number Barcode Copy number Cost, replacement price Koha item type
      Non-fiction Ashok Vihar Ashok Vihar 01/08/2017 BPPD/EN/2016-17/AV/16-17/451/15.2.2017/I-3323/1.3.2017/ 17.3.2017 295.00 954.0254092 BHA B-667252 1 295.00 English Books
    Not For Loan Non-fiction D.B.Act.Division Bawana 17/01/2017 DBAD/PUB 295.00 954.0254092 BHA EN-100629 1 295.00 English Books
      Non-fiction Central Jail Tihar Central Jail Tihar 03/03/2017 BPPD/EN/2016-17/285/24.11.2016/I-2590/8.12.2016/2.1.2017 295.00 954.0254092 BHA B-649255 1 295.00 English Books
      Non-fiction Central Library Central Library 03/03/2017 BPPD/EN/2016-17/285/24.11.2016/I-2590/8.12.2016/2.1.2017 295.00 954.0254092 BHA B-649250 1 295.00 English Books
      Non-fiction Janak Puri Janak Puri 03/03/2017 BPPD/EN/2016-17/285/24.11.2016/I-2590/8.12.2016/2.1.2017 295.00 954.0254092 BHA B-649256 1 295.00 English Books
      Non-fiction Kasturba Gandhi Marg Kasturba Gandhi Marg 03/03/2017 BPPD/EN/2016-17/285/24.11.2016/I-2590/8.12.2016/2.1.2017 295.00 954.0254092 BHA B-649252 1 295.00 English Books
      Non-fiction Patel Nagar Patel Nagar 03/03/2017 BPPD/EN/2016-17/285/24.11.2016/I-2590/8.12.2016/2.1.2017 295.00 954.0254092 BHA B-649251 1 295.00 English Books
      Non-fiction Peshwa Road Peshwa Road 03/03/2017 BPPD/EN/2016-17/285/24.11.2016/I-2590/8.12.2016/2.1.2017 295.00 954.0254092 BHA B-649253 1 295.00 English Books
      Non-fiction Sarojini Nagar Sarojini Nagar 03/03/2017 BPPD/EN/2016-17/285/24.11.2016/I-2590/8.12.2016/2.1.2017 295.00 954.0254092 BHA B-649257 1 295.00 English Books
      Non-fiction Shahdara Branch Shahdara Branch 03/03/2017 BPPD/EN/2016-17/285/24.11.2016/I-2590/8.12.2016/2.1.2017 295.00 954.0254092 BHA B-649258 1 295.00 English Books
      Non-fiction Tri Nagar Tri Nagar 03/03/2017 BPPD/EN/2016-17/285/24.11.2016/I-2590/8.12.2016/2.1.2017 295.00 954.0254092 BHA B-649254 1 295.00 English Books
      Non-fiction Yojana Vihar Yojana Vihar 03/03/2017 BPPD/EN/2016-17/285/24.11.2016/I-2590/8.12.2016/2.1.2017 295.00 954.0254092 BHA B-649259 1 295.00 English Books

© Delhi Public Library
Hit Counter
free hit counter